Central Library OPAC University of Rajshahi

The great hunger / (Record no. 62796)

MARC details
000 -LEADER
fixed length control field 00803nam a2200241 a 4500
001 - CONTROL NUMBER
control field 62796
003 - CONTROL NUMBER IDENTIFIER
rucl marc code BD-RjUL
005 - DATE AND TIME OF LATEST TRANSACTION
control field 20211209081125.0
008 - FIXED-LENGTH DATA ELEMENTS--GENERAL INFORMATION
fixed length control field 170125s1919 enk 000 0 eng d
035 ## - SYSTEM CONTROL NUMBER
System control number (BD-RjUL)62924
040 ## - CATALOGING SOURCE
Original cataloging agency ANL
Language of cataloging eng
Transcribing agency ANL
Modifying agency BD-RjUL
041 ## - LANGUAGE CODE
Language code of text/sound track or separate title eng
082 04 - DEWEY DECIMAL CLASSIFICATION NUMBER
Classification number 839.82372
Edition number 23
Author mark and year BOG 1919
100 1# - MAIN ENTRY--PERSONAL NAME
Personal name Bojer, Johan
Dates associated with a name 1872-1959.
9 (RLIN) 186664
245 14 - TITLE STATEMENT
Title The great hunger /
Statement of responsibility, etc. Johan Bojer ; translated from the Norwegian by W. J. Alexander Worster and C. Archer.
260 ## - PUBLICATION, DISTRIBUTION, ETC. (IMPRINT)
Place of publication, distribution, etc. London :
Name of publisher, distributor, etc. Hodder and Stoughton,
Date of publication, distribution, etc. 1919
300 ## - PHYSICAL DESCRIPTION
Pagination 316 p. ;
Size 19 cm.
600 ## - SUBJECT ADDED ENTRY--PERSONAL NAME
Personal name Worster, W. J. Alexander
Fuller form of name (William John Alexander)
Dates associated with a name 1882-1929
650 ## - SUBJECT ADDED ENTRY--TOPICAL TERM
Topical term or geographic name as entry element Norwegian fiction
9 (RLIN) 186666
700 ## - ADDED ENTRY--PERSONAL NAME
Personal name Worster, W. J. Alexander
Personal name Archer, C.
942 ## - ADDED ENTRY ELEMENTS (KOHA)
Source of classification or shelving scheme Dewey Decimal Classification
Koha item type Books
Holdings
Lost status Source of classification or shelving scheme Damaged status Not for loan Collection code Permanent Location Current Location Shelving location Date acquired Source of acquisition Total Checkouts Full call number Date last seen Copy number Koha item type
  Dewey Decimal Classification   Not For Loan Non-fiction Central Library, University of Rajshahi Central Library, University of Rajshahi Reading Room 15/05/1990 R.U.L, Rajshahi   839.82372 BOG 1919 25/01/2017 C-1 Books